Star Wars - 20 Planets - Statistics

General Stats
  • This quiz has been taken 50 times
    38 since last reset
  • The average score is 12 of 20
Answer Stats
# Region Planet % Correct
18 Outer Rim Tatooine
93%
04 Core Coruscant
90%
09 Outer Rim Hoth
86%
15 Mid Rim Naboo
86%
01 Core Alderaan
79%
06 Outer Rim Endor
79%
08 Outer Rim Geonosis
79%
05 Outer Rim Dagobah
76%
10 Outer Rim Kamino
76%
13 Outer Rim Mustafar
76%
02 Outer Rim Bespin
69%
11 Mid Rim Kashyyyk
59%
19 Outer Rim Utapau
52%
20 Outer Rim Yavin IV
52%
14 Outer Rim Mygeeto
34%
03 Core Corellia
31%
07 Outer Rim Felucia
31%
12 Outer Rim Kessel
24%
17 Outer Rim Polis Massa
24%
16 Mid Rim Ord Mantell
14%
No matching quizzes found
Score Distribution
Percent of People with Each Score
Percentile by Number Answered
Your Score History
You have not taken this quiz since the last reset